Friends par personnage ... Rachel. - Statistiques

Statistiques générales
  • Ce quiz a été pris 2 291 fois
  • Le résultat moyen est 10 sur 14
Statistiques - réponses
Question Réponse % Correct
Le travail qu'elle exerce pendant quelques années au Central Perk ? Serveuse
99%
Quel est son nom de famille dans la série ? Green
97%
Quelle partie de son corps s'est-elle fait refaire ? Le nez
90%
Quel animal va-t-elle acheter 300 $ pour finalement le revendre 1000 $ à Gunther ? Une chatte
89%
Prénom de l'homme avec qui elle devait se marier au début de la série, avant de s’enfuir ? Barry
83%
Combien de pages fait la lettre qu'elle écrit à Ross (et recto-verso !!!). 18 pages
79%
Pour quelle prestigieuse entreprise travaille-t-elle après son départ de chez Bloomingdale's ? Ralph Lauren
78%
Elle se déguise en héroïne de film pour réaliser un fantasme de Ross. Qui est ce personnage ? La princesse Leia
74%
Elle va avoir une relation "purement sexuelle" avec un italien vivant dans son immeuble. Quel est son prénom ? Paolo
67%
Elle a une sœur, qui est loin d'être sa préférée. Comment s'appelle-t-elle ? Amy
57%
Sa courte relation avec Joey va commencer lors d'un voyage. Mais ou a-t-il lieu ? La Barbade
48%
Quel chanson chante-t-elle au mariage de Mindy et de son Ex ? Copa Cabana
38%
Elle va finir par avoir un enfant avec Ross. Quel sera son prénom ? Emma
32%
Quel jeu de voyage lui est offert par Chandler pour l'un de ses anniversaires ? Scrabble
27%
Aucun quiz correspondant
Distribution des résultats
% des personnes avec chaque résultat
Percentile par nombre de réponses
Votre historique - résultats
Vous n’avez pas pris ce quiz